| 000 | 00586nam a22001577a 4500 | ||
|---|---|---|---|
| 003 | OSt | ||
| 005 | 20151002110502.0 | ||
| 008 | 151002b xxu||||| |||| 00| 0 eng d | ||
| 040 | _cRUA | ||
| 082 | _aAVM THO 1996 B069 Or.1 | ||
| 100 |
_91738 _aTHORN, VUTHINE. |
||
| 245 | _aThe study of pig raising in kieasvay district kandal provinec (ការសិក្សាអំពីការចញ្ចឺមជ្រូកនៅស្រុកគៀនស្វាយខេត្តកណ្ដាល) | ||
| 260 |
_aPhnom Penh _bRUA _c1996 |
||
| 300 |
_a54p. _bill. _c29cm. |
||
| 942 |
_2ddc _cAVM |
||
| 999 |
_c1640 _d1640 |
||